Регионална библиотека "Любен Каравелов" - Русе

Водоснабдяване, канализация и пречистване на питейни и отпадъчни води (Запис номер 186301)

MARC детайли
000 -Лидер
Контролно поле с фиксирана дължина nam a22 a 4500
003 - Код на организацията, давaща контролен номер
Контролно поле BLK
005 - Дата и час на последна редакция
Контролно поле 20220823124948.0
008 - Елементи от данни с фиксирана дължина
fixed length control field 180411b bul|||||r ||||||| ||bul||
010 ## - Наследен системен номер
LC control number KNG00195295000
040 ## - Източник на каталожния запис
Идентификатор на билиотеката - собственик на записа BLK
041 ## - Код за език
Код за езика на текст/звукозапис или на отделно заглавие Български
Код за езика КДБФ Български
080 ## - УДК
Текстов определител УДК Водоснабдяване. Пречистване на водите. Вж и 627.8; 628.3; 644. Вътрешна водопроводно-канализационна мрежа вж 696.1
УДК код - определител по УДК 628.1
УДК определител (075.32)
УДК - код + определител 628.1(075.32)
080 ## - УДК
Текстов определител УДК Вътрешна водопроводно-канализационна мрежа
УДК код - определител по УДК 696.1
УДК определител (075.32)
УДК - код + определител 696.1(075.32)
100 1# - Редна дума - Автор
Автор Мирянова, Лиляна Динева
Авторска отговорност първи автор
R(LIN) 384385
139 ## - Редно поле
Редна дума Мирянова, Лиляна Динева и др.
Авторски знак Мир - М 68
245 10 - Сведения за заглавието
Заглавие Водоснабдяване, канализация и пречистване на питейни и отпадъчни води
Подзаглавни данни Учебник за строит. техникуми
Редно поле (дума) Лиляна Динева Мирянова, Емилия К. Вълкова, Данка Т. Шиварова.
257 ## - Страна на издаване
Страна на създаване/издаване България
260 ## - Област на издателските данни
Място на издаване, разпространение и проч. София
Име на издателя, разпространителя и проч. Техника
Година на издаване 1974
300 ## - Физическа характеристика
Страници 496 с.
Илюстрации и др. с ил.
Размери/Мащаб 23 см
380 ## - Жанр
Жанр Техника
500 ## - Общи забележки
Забележка 5 066 тир. - Деп. екз. е доп. тир. 1978.
650 #4 - Допълнително описание по предмет – тема
Основно описание – тема или топоним Водоснабдяване
9 (RLIN) 151017
650 #4 - Допълнително описание по предмет – тема
Основно описание – тема или топоним Канализация
9 (RLIN) 158197
650 #4 - Допълнително описание по предмет – тема
Основно описание – тема или топоним Води, речни - пречистване
9 (RLIN) 309451
700 1# - Други автори (авторска отговорност)
Лично име Вълкова, Емилия Кирилова
Автороска отговорност (Описва отношението между автора и произведението) съавт.
9 (RLIN) 384386
700 1# - Други автори (авторска отговорност)
Лично име Шиварова, Данка Т.
Автороска отговорност (Описва отношението между автора и произведението) съавт.
9 (RLIN) 344074
852 ## - Местоположение
Форматна сигнатура Цб 72232
856 4# - Електронен адрес и достъп
Електронен формат pdf - файл
856 4# - Електронен адрес и достъп
Електронен формат pdf - файл
999 ## - СИСТЕМНИ КОНТРОЛНИ НОМЕРА
Koha biblionumber 186301
Koha biblioitemnumber 186301
942 ## - АРТИКУЛИ
Вид на библиотечния материал Книги
Скрит в OPAC Не
Koha issues (borrowed), all copies 1
Периодичен библиозапис Да
944 ## - СЪЗДАВАНЕ И РЕДАКЦИЯ на ЗАПИСА
Създаване/Редакция Създаване
Дата на регистрацията/редакция 05.11.2016
Служител, извършил регистрацията/редакцията Правда_Бадева
944 ## - СЪЗДАВАНЕ И РЕДАКЦИЯ на ЗАПИСА
Създаване/Редакция Редакция
Дата на регистрацията/редакция 2022-08-23
Служител, извършил регистрацията/редакцията ир
999 ## - СИСТЕМНИ КОНТРОЛНИ НОМЕРА
Koha biblioitemnumber 186301
Наличности
Код за отписване Код за изгубен артикул Източник на класификационната схема Код за повреда Коз за рестрикции Код за отдаване Артикулен № Име на библиотеката - собственик Име на библиотеката, в която се намира в момента Статус (Текущо местоположение) Дата на вписване в системата Местоположение - отдел Цена в лева Инвентарен номер Систематично азбучна сигнатура Баркод Номер на екземпляра Цена в евро Служебна бележка Служебен тип на артикула
  Не е изгубен Universal Decimal Classification Не е повреден само за читалня ползва се в читалня 324104 Регионална библиотека "Любен Каравелов" Русе Регионална библиотека "Любен Каравелов" Русе Хранилище 1978-01-01 Хранилище 1.50 252094 Цб 72232 120000252094 1 0.77 N: стар фонд Дата: 01.01.1978 Книги
Изтеглен Не е изгубен Universal Decimal Classification Не е повреден без рестрикции заемане за дома 324105 Регионална библиотека "Любен Каравелов" Русе Регионална библиотека "Любен Каравелов" Русе Заемна - подръчен фонд 1974-01-01 Заемна - подръчен фонд 1.50 171663 П 628.1/М 68 171663 2 0.77 N: стар фонд Дата: 01.01.1974 Книги
Изтеглен Не е изгубен Universal Decimal Classification Не е повреден без рестрикции заемане за дома 324106 Регионална библиотека "Любен Каравелов" Русе Регионална библиотека "Любен Каравелов" Русе Заемна - подръчен фонд 1974-01-01 Заемна - подръчен фонд 1.50 171665 П 628.1/М 68 171665 3 0.77 N: стар фонд Дата: 01.01.1974 Дата инв: 06.02.2018 Бележки инв: П2018 Книги
Vip Innovations Ltd, Rousse, Bulgaria 2025